The social and economic history of the Hellenistic world /

محفوظ في:

المؤلف الرئيسي: Rostovtzeff, Michael Ivanovitch, 1870-1952 (مؤلف)

التنسيق: كتاب

اللغة: English

منشور في: Oxford : Clarendon Press, 1941.

الموضوعات:

الوسوم: إضافة وسم

لا توجد وسوم, كن أول من يضع وسما على هذه التسجيلة!

رقم الطلب: DF235.3 .R8 v.1-3

LEADER 00720namaa2200241 4500
001 22182
003 OSt
005 20251229104045.0
008 130303s1941 enk 000 0 eng d
040 |c ARCE Library 
050 4 |a DF235.3 .R8 v.1-3 
100 1 |a Rostovtzeff, Michael Ivanovitch,  |d 1870-1952,  |e author  |9 38703 
245 1 4 |a The social and economic history of the Hellenistic world /  |c by M. Rostovtzeff. 
264 1 |a Oxford :   |b Clarendon Press,   |c 1941. 
300 |a 3 volumes ;   |c 26 cm. 
555 |a Sara.lib 
650 0 |a Hellenism. 
651 0 |a Greece   |x History. 
651 0 |a Greece   |x Social conditions. 
651 0 |a Greece   |x Economic conditions. 
901 |a reviewed 
942 |c BK  |2 lcc 
999 |c 20782  |d 20782